01098nam a2200133 a 450000100100000000500170001000800410002704000250006824500850009326000510017830000200022950506720024970000430092100004606720201002052621.0150617s1982 dr 000 0 spa d aDO-SdBNPbspacBNPHU00aPrograma de gobierno 1981-1984 /cintroducción Jóse Joaquín Bidó Medina. aSanto Domingo :bConsejo Universitario,c1982. a21 p. ;c21 cm.0 aLineamiento generales de polítcas curriculares-docencia -- Lineamiento generales de polítcas curriculares- investigación -- Lineamiento generales de polítcas curriculares-Extensión -- Lineamiento generales de polítcas curriculares-gobierno -- Lineamiento generales de polítcas curriculares-administrativas -- Lineamiento generales de polítcas curriculares-bienestar --Lineamiento generales de polítcas curriculares-estructura -- Lineamiento generales de polítcas curriculares- financiamiento -- El programa de gobierno de las presentes autoridades de la UASD para el trienio 1981-84 fue aprobado mediante las resoluciones siguiente no. 91, no. 11912aBidó Medina, Jóse Joaquíneintr.